00890 2200301 4500001002100000005001500021035002000036007000300056008004100059020002200100082002200122084002400144100003900168245005600207300003000263650002400293504003300317264003400350336002100384337003000405338002300435040002200458090002200480850001200502999002200514250003000536990002200566INLIS00000000089321920250207010713 a0010-0225000301ta250207s2024 yoi g | ind d a978-602-491-510-004223a306.095984251 a306.095984251 PAR j3 aParengkuan, Fendy E. W.ePengarang10aJejak budaya Tou Minahasa /cFendy E. W. Parengkuan axiv, 312 halaman ;c21 cm 4aKebudayaan Minahasa aBibliografi: halaman 301-30931aBantul :bPohon Cahaya,c2024 2rdacontentateks 2rdamediaatanpa perantara 2rdacarrieravolume aYOPDYOGbinderda aCB-D.11 2024-4820 aYOPDYOG aCB-D.11/2024-4820 aCetakan I: September 2024 aCB-D.11/2024-4820